| 000 | 00421nam a22001217a 4500 | ||
|---|---|---|---|
| 999 |
_c1461 _d1461 |
||
| 005 | 20200831152530.0 | ||
| 008 | 200831b ||||| |||| 00| 0 eng d | ||
| 020 | _a0023847603CML | ||
| 040 | _cCML | ||
| 245 |
_aMathematics for Elementary Teachers A Contemporary Approach. _cMusser, G.L., Burger, W.F. |
||
| 260 |
_aNew York _bMacmillan Publishing Company _c1988 |
||
| 942 |
_2ddc _cBK _e1st Edition _h510.7 _mMUS |
||